| 000 | 01453cab a2200265 4500 | ||
|---|---|---|---|
| 001 | ABS52144 | ||
| 008 | 090401t1995 xxu||||| |||| 00| 0 eng d | ||
| 035 | _a(Sirsi) u63320 | ||
| 041 | _aeng | ||
| 245 | _aMeadfield Properties Ltd v SoS Environment | ||
| 260 | _c1995 | ||
| 350 | _a0 | ||
| 490 |
_aEstates Gazette _v(1995) 03 EG 128-130(3) |
||
| 520 | _aChD 21 July 1994. By a lease dated February 1985 the tenant (S) held a term from 24 June 1985 until 24 December 2003. The lease made provision for a tenant`s option to break at the end of ten years. In December 1993 S gave notice to terminate the lease on 23 June 1994. The landlord (M) contended that the notice was invalid as, when the term was defined from a certain date, it commences on the following day, so, the first ten years should have expired on 24 June 1994. M`s summons was dismissed on the grounds that the rule that where a term is expressed to commence from a specified date, that date is not included in the term which therefore commences on the following day, may be rebutted by indications in the lease that the specified day was intended to be included in the term. | ||
| 650 | _aBREAK CLAUSES | ||
| 650 | _aBUSINESS TENANCIES | ||
| 650 | _aLEASE TERM | ||
| 650 | _aLEASES | ||
| 650 | _aOPTION TO BREAK | ||
| 650 | _aSPECIFIED DATE | ||
| 650 | _aTERMINATION | ||
| 690 | _aLANDLORD AND TENANT-CASE LAW-BUSINESS TENANCIES | ||
| 942 | _n0 | ||
| 948 | _c04/03/1997 | ||
| 999 |
_c39373 _d39373 |
||